SAT Words Click Quiz - P - Statistics

General Stats
  • This quiz has been taken 767 times
  • The average score is 12 of 15
Answer Stats
Hint Answer % Correct
Foretelling; predictive Prophetic
92%
Rotten; foul Putrid
91%
Introduction to a speech or text Preamble
90%
Spread through; pervade Permeate
87%
Abundance; excess Plethora
87%
Agreeable to the senses Palatable
85%
Read carefully Peruse
85%
Immediately relevant Pertinent
84%
Practical in approach Pragmatic
84%
Relating to money Pecuniary
71%
Insignificant; worthless Paltry
70%
Nearness in time or space Propinquity
70%
Unenthusiastically routine Perfunctory
68%
Harmful or destructive Pernicious
65%
Betraying trust; treacherous Perfidious
64%
No matching quizzes found
Score Distribution
Percent of People with Each Score
Percentile by Number Answered
Your Score History
You have not taken this quiz